ბათუმის შოთა რუსთაველის სახელმწიფო უნივერსიტეტის ბიბლიოთეკა

გერმანული ენის გრამატიკა = Grammatik der deutschen Sprache 4 წიგნად : (ბიბ.ჩანაწერი № 36888)

000 -ლიდერი
ფიქსირებული სიგრძის საკონტროლო ველი 01381nam a2200265Ia 4500
001 - საკონტროლო ნომერი
საკონტროლო ველი 2838
003 - საკონტროლო ნომრის იდენტიფიკატორი
საკონტროლო ველი GE_BSU
005 - ბოლო ოპერაციის თარიღი და დრო
საკონტროლო ველი 20190611213633.0
008 - ფიქსირებული სიგრძის მონაცემთა ელემენტები - ზოგადი ინფორმაცია
ფიქსირებული სიგრძის საკონტროლო ველი 181216s2012||||ge |||||||||||||| ||geo||
020 ## - წიგნის საერთაშორისო სტანდარტული ნომერი
International Standard Book Number 9789941132131
040 ## - კატალოგიზაციის წყარო
Transcribing agency GE_BSU
041 ## - ენის კოდი
Language code of text/sound track or separate title geo
080 ## - უნივერსალური ათობითი კლასიფიკაციის ინდექსი
Universal Decimal Classification number 811.112(075.8) ა-61
100 ## - მთავარი ჩანაწერი - პიროვნების სახელი
Personal name ანდრაზაშვილი, მარინა
9 (RLIN) 2438
245 ## - ცნობა სათაურის შესახებ
Title გერმანული ენის გრამატიკა = Grammatik der deutschen Sprache 4 წიგნად :
Remainder of title წ. 4 : სინტაქსი II. /
Statement of responsibility, etc მარინა ანდრაზაშვილი ; ივ. ჯავახიშვილის სახ. თსუ.
250 ## - გამოცემის ცნობა
Edition statement მე-2 გადამუშავებული და გავრცობილი გამოცემა
264 ## - წარმოების, გამოცემის, დისტრიბუციის და სხვა ცნობები
გამოცემის, წარმოების, დისტრიბუციის... ადგილი თბილისი :
გამოცემის, წარმოების, დისტრიბუციის... სახელწოდება თბილ. უნ-ტის გამ-ბა,
გამოცემის, წარმოების, დისტრიბუციის... თარიღი 2012.
300 ## - ფიზიკური აღწერა
Extent 540 გვ.;
Other physical details 26 სმ.
504 ## - BIBLIOGRAPHY, ETC. NOTE
Bibliography, etc საძიებლები: გვ. 1755-1853. - ბიბლიოგრ.: გვ. 1745-1754.
520 ## - SUMMARY, ETC.
Summary, etc რეზ. გერმ.
653 ## - INDEX TERM--UNCONTROLLED
Uncontrolled term გერმანული ენის გრამატიკა
653 ## - INDEX TERM--UNCONTROLLED
Uncontrolled term გერმანული ენის სინტაქსი
710 ## - ADDED ENTRY--CORPORATE NAME
Corporate name or jurisdiction name as entry element ივ. ჯავახიშვილის სახ. თსუ
9 (RLIN) 2439
942 ## - ADDED ENTRY ELEMENTS (KOHA)
Koha item type წიგნი
Source of classification or shelving scheme
ეგზემპლარები
ჩამოწერის სტატუსი დაკარგული ეგზემპლარის სტატუსი კლასიფიკაციის წყარო ან თაროზე გაწყობის სქემა დაზიანების სტატუსი არ გაიცემა მუდმივი მდებარეობა (დაცვის ადგილი) ამჟამინდელი ადგილსამყოფელი შეძენის თარიღი სრული შენახვის შიფრი შტრიხკოდი ბოლო ოპერაციის თარიღი ეგზემპლარის მიმდევრობითი ნომერი (კეტერი?) ფასის ძალაში შესვლის თარიღი ეგზემპლარის სახეობა საჯარო შენიშვნა
          ბათუმის შოთა რუსთაველის სახელმწიფო უნივერსიტეტის მთავარი ბიბლიოთეკა ბათუმის შოთა რუსთაველის სახელმწიფო უნივერსიტეტის მთავარი ბიბლიოთეკა 2018-12-17 811.112(075.8) ა-61 4824 2018-12-17 4824 2018-12-17 წიგნი